000 00331nam a2200157Ia 4500
100 _aAsk/Thomas
650 _aIndustrial
942 _cBK
366 _f20
654 _adisigners
245 _aEngineering for Industrial Designers and inventors
260 _bSPD
_c2016
082 _bASK
300 _a198
546 _aENGLISH
999 _c29134
_d29134